00830nam a22002297a 450000500170000001000130001702000100003003500130004003700160005304000120006908200260008110000380010724500710014524600380021626000880025427000720034230000520041465000460046665000490051265000210056165000180058220170124103022.0 aA-442983 c35.00 aA-442983 bCen Lib/Ret aDPLbHN aकbकौशिक  aकौशिक, सुनील  aबर्खास्तगी /cसुनील कौशिक  aBarkhastagi /bby Suneel Kaushik  a दिल्ली bप्रेम प्रकाशन मंदिर c1990 a3012, बल्लीमारान b दिल्ली e110006 a104पृ. c16सेमी(सजिल्द) aहिन्दी साहित्य  aहिन्दी कहानियां  aHindi literature aHindi stories